NIFL Premiership Teams 2023-24 - Statistics

General Stats
  • This quiz has been taken 12 times
  • The average score is 9 of 12
Answer Stats
Answer % Correct
Linfield
100%
Cliftonville
83%
Coleraine
83%
Larne
83%
Crusaders
75%
Glenavon
75%
Glentoran
75%
Ballymena United
67%
Dungannon Swifts
67%
Newry City
67%
Carrick Rangers
50%
Loughgall
50%
No matching quizzes found
Score Distribution
Percent of People with Each Score
Percentile by Number Answered
Your Score History
You have not taken this quiz